Josh Hutcherson Movies! - Statistics

General Stats
  • This quiz has been taken 44 times
    22 since last reset
  • The average score is 6 of 44
Answer Stats
Year Movie % Correct
2012 The Hunger Games
95%
2023 Five Night's at Freddy's
70%
2013 The Hunger Games: Catching Fire
55%
2007 Bridge to Terabithia
40%
2014 The Hunger Games: Mockingjay Part 1
35%
2015 The Hunger Games: Mockingjay Part 2
35%
2019 Burn
30%
2013 Epic
30%
2006 RV
25%
2011 Detention
20%
2012 Journey 2: The Mysterious Island
20%
2008 Journey to the Center of the Earth
20%
2023 57 Seconds
15%
2004 Howl's Moving Castle
15%
2005 Kicking and Screaming
15%
2004 The Polar Express
15%
2005 Little Manhattan
10%
2003 Miracle Dogs
10%
2012 Red Dawn
10%
2011 7 Days in Havana
5%
2003 American Splendor
5%
2017 Elliot the Littlest Reindeer
5%
2016 In Dubious Battle
5%
2004 Motocross Kids
5%
2004 One Last Ride
5%
2012 The Forger
5%
2017 Tragedy Girl
5%
2003 Wilder Days
5%
2005 Zathura: A Space Adventure
5%
2022 Across the River and Into the Trees
0%
TBD Artist in Residence
0%
2002 Becoming Glen
0%
2009 Cirque du Freak: The Vampire's Assistant
0%
2014 Escober: Paradise Lost
0%
2007 Firehouse Dog
0%
2002 House Blend
0%
TBD Littlemouth
0%
2004 Party Wagon
0%
2020 Rita
0%
2013 The Best of Superman
0%
2017 The Disaster Artist
0%
2010 The Kids Are All Right
0%
N/A The Long Home
0%
2008 Winged Creatures
0%
No matching quizzes found
Score Distribution
Percent of People with Each Score
Percentile by Number Answered
Your Score History
You have not taken this quiz since the last reset